Australian standard method of measurement of building works, authorised by agreement between the Institute and The Master Builders` Federation of Australia (Record no. 94472)

MARC details
000 -LEADER
fixed length control field 00678cam a2200205 4500
001 - CONTROL NUMBER
control field D1152
008 - FIXED-LENGTH DATA ELEMENTS--GENERAL INFORMATION
fixed length control field 090401t1973 xxu||||| |||| 00| 0 eng d
035 ## - SYSTEM CONTROL NUMBER
System control number (Sirsi) u62714
041 ## - LANGUAGE CODE
Language code of text/sound track or separate title eng
050 ## - LIBRARY OF CONGRESS CALL NUMBER
Classification number 692.30994
110 ## - MAIN ENTRY--CORPORATE NAME
Corporate name or jurisdiction name as entry element The Australian Institute of Quantity Surveyors
9 (RLIN) 2374
245 ## - TITLE STATEMENT
Title Australian standard method of measurement of building works, authorised by agreement between the Institute and The Master Builders` Federation of Australia
250 ## - EDITION STATEMENT
Edition statement 3rd ed met
260 ## - PUBLICATION, DISTRIBUTION, ETC.
Place of publication, distribution, etc. Crows Nest, NSW
Name of publisher, distributor, etc. The Australian Institute of Quantity Sur
Date of publication, distribution, etc. 1973
300 ## - PHYSICAL DESCRIPTION
Extent iv. 91p. 30cm
350 ## - PRICE (NR) (BK AM CF MU VM SE) [OBSOLETE]
Price 0
520 ## - SUMMARY, ETC.
Summary, etc. Filed at 1973/1BC
942 ## - ADDED ENTRY ELEMENTS (KOHA)
Suppress in OPAC 0
948 ## - LOCAL PROCESSING INFORMATION (OCLC); SERIES PART DESIGNATOR (RLIN)
c (OCLC) 04/03/1997
Holdings
Withdrawn status Lost status Source of classification or shelving scheme Damaged status Not for loan Home library Current library Shelving location Date acquired Total Checkouts Full call number Barcode Date last seen Copy number Price effective from Koha item type
    Other/Generic Classification Scheme     London London Basement 15/01/1992   SMM - BASEMENT 30032262 06/08/2019 1 06/08/2019 Book
    Other/Generic Classification Scheme     London London Basement 15/01/1992   SMM - BASEMENT 30032266 06/08/2019 1 06/08/2019 Reference material